| 000 | 00000nam##2200000za#4500 |
| 001 | 9.615468 |
| 003 | CaOODSP |
| 005 | 20200706133952 |
| 007 | ta |
| 008 | 150406|2001||||xxc||||| f|0| 0 eng|d |
| 020 | |a0-660-18395-1 |
| 022 | |a1200-5223 |
| 040 | |aCaOODSP|beng |
| 043 | |an-cn--- |
| 086 | 1 |aCS11-0019/165E |
| 245 | 00|aInnovation and connectivity : |bthe nature of market linkages and innovation networks in Canadian manufacturing industries / |cby John R. Baldwin and Alice Peters. |
| 260 | |aOttawa - Ontario : |bStatistics Canada. |c2001. |
| 300 | |avii, 38p. : |breferences, tables ; |c28 cm. |
| 490 | 1 |aResearch paper series|x1200-5223|vNo. 165 |
| 500 | |a"This paper investigates the extent to which customers/suppliers innovation networks are related to the size and pattern of inter-industry goods flows. It does so by devising a diversification index to measure the nature of inter-industry links that arise from the flow of goods and services from suppliers to customers. It then relates these diversification patterns to the importance of customer and supplier innovation networks."--Abstract. |
| 520 | 3 |aThis paper investigates the extent to which customers/suppliers innovation networks are related to the size and pattern of inter-industry goods flows. It does so by devising a diversification index to measure the nature of inter-industry links that arise from the flow of goods and services from suppliers to customers. It then relates these diversification patterns to the importance of customer and supplier innovation networks.--Abstract |
| 563 | |aSoftcover |
| 590 | |a01-19|b2001-05-11 |
| 710 | 2 |aStatistics Canada. |bAnalytical Studies Branch. |
| 720 | 1 |aBaldwin, John R. |
| 720 | 1 |aPeters, Alice |
| 776 | 0#|tInnovation and connectivity : |w(CaOODSP)9.557553 |
| 830 | #0|aResearch paper series,|x1200-5223|vNo. 165|w(CaOODSP)9.514463 |